[Event "Gibraltar Masters 17th"]
[Site "Caleta"]
[Date "2019.01.29"]
[Round "8"]
[White "Lochte, Szilvia"]
[Black "Onabogun, Kolade"]
[Result "0-1"]
[WhiteElo "1868"]
[BlackElo "2189"]
[PlyCount "56"]
[EventDate "2019.01.22"]
[EventType "swiss"]
[EventRounds "10"]
[EventCountry "GGB"]
[SourceTitle "CBM 188 Extra"]
[Source "ChessBase"]
[SourceDate "2019.02.26"]
[SourceVersion "1"]
[SourceVersionDate "2019.02.26"]
[SourceQuality "1"]

1. c4 f5 2. g3 Nf6 3. Bg2 d6 4. Nc3 g6 5. d3 Bg7 6. e3 0-0 7. Nge2 e5 8. 0-0 Nc6 9. a3 g5 10. f4 gxf4 11. exf4 Kh8 12. Nd5 Ne7 13. Nec3 Ng6 14. Rb1 c6 15. Nxf6 Bxf6 16. Ne2 Be6 17. b3 Rf7 18. Be3 Ne7 19. Kh1 h5 20. d4 e4 21. Kg1 d5 22. c5 Rh7 23. Kf2 h4 24. Rh1 Ng8 25. Ke1 Nh6 26. Kd2 Ng4 27. Bh3 Qa5+ 28. Nc3 Nxe3 0-1

[Event "Gibraltar Masters 17th"]
[Site "Caleta"]
[Date "2019.01.26"]
[Round "5"]
[White "Hedman, Erik"]
[Black "Onabogun, Kolade"]
[Result "1-0"]
[WhiteElo "2378"]
[BlackElo "2189"]
[PlyCount "81"]
[EventDate "2019.01.22"]
[EventType "swiss"]
[EventRounds "10"]
[EventCountry "GGB"]
[SourceTitle "CBM 188 Extra"]
[Source "ChessBase"]
[SourceDate "2019.02.26"]
[SourceVersion "1"]
[SourceVersionDate "2019.02.26"]
[SourceQuality "1"]

1. d4 f5 2. g3 Nf6 3. Bg2 d6 4. Nf3 g6 5. 0-0 Bg7 6. b3 0-0 7. Bb2 c6 8. c4 Qa5 9. Nbd2 Re8 10. Qc2 e5 11. dxe5 dxe5 12. e4 Na6 13. a3 Nc5 14. Nxe5 fxe4 15. h3 Qc7 16. b4 Na6 17. f4 exf3 18. Ndxf3 Bf5 19. Qb3 Be4 20. Rae1 Rad8 21. g4 h6 22. h4 g5 23. hxg5 hxg5 24. c5+ Bd5 25. Qc2 Nh7 26. Qg6 Re6 27. Qxh7+ Kxh7 28. Nxg5+ Kg8 29. Bxd5 Rxd5 30. Nxe6 Qc8 31. Nxg7 Kxg7 32. Rf5 Rd2 33. Ba1 Ra2 34. Bd4 Rd2 35. Bc3 Rc2 36. Ba1 Ra2 37. Bc3 Rc2 38. Bd4 Rd2 39. Nxc6+ Rxd4 40. Re7+ Kg6 41. Ne5+ 1-0

[Event "Gibraltar Masters 17th"]
[Site "Caleta"]
[Date "2019.01.25"]
[Round "4"]
[White "Onabogun, Kolade"]
[Black "Libiszewski, Fabien"]
[Result "0-1"]
[WhiteElo "2189"]
[BlackElo "2481"]
[PlyCount "50"]
[EventDate "2019.01.22"]
[EventType "swiss"]
[EventRounds "10"]
[EventCountry "GGB"]
[SourceTitle "CBM 188 Extra"]
[Source "ChessBase"]
[SourceDate "2019.02.26"]
[SourceVersion "1"]
[SourceVersionDate "2019.02.26"]
[SourceQuality "1"]

1. e4 c5 2. Nf3 d6 3. c3 Nf6 4. Bd3 Bg4 5. h3 Bh5 6. Bc2 Nc6 7. d3 e6 8. Nbd2 d5 9. Qe2 Be7 10. Nf1 c4 11. Ng3 Bxf3 12. gxf3 cxd3 13. Bxd3 Qc7 14. Bd2 0-0-0 15. f4 dxe4 16. Nxe4 Nd5 17. Qf3 f5 18. Ng3 g5 19. Bc4 gxf4 20. Bxd5 Rxd5 21. Bxf4 Bd6 22. Bxd6 Qxd6 23. 0-0 Rg8 24. Kh1 Ne5 25. Qe3 Rd3 0-1

[Event "Lagos Friends of Chess"]
[Site "Lagos"]
[Date "2015.08.09"]
[Round "7"]
[White "Onabogun, Kolade"]
[Black "Adu, Oladapo"]
[Result "1/2-1/2"]
[WhiteElo "2184"]
[BlackElo "2241"]
[PlyCount "130"]
[EventDate "2015.08.06"]
[EventType "swiss"]
[EventRounds "7"]
[EventCountry "NGR"]
[SourceTitle "EXT 2018"]
[Source "ChessBase"]
[SourceDate "2017.10.13"]
[SourceVersion "1"]
[SourceVersionDate "2017.10.13"]
[SourceQuality "1"]

1. e4 c5 2. Nf3 d6 3. c3 Nf6 4. Bd3 Nc6 5. Bc2 Bg4 6. h3 Bh5 7. d3 e6 8. Qe2 Be7 9. Nbd2 0-0 10. g4 Bg6 11. Nf1 b5 12. Ng3 b4 13. Ba4 Rc8 14. Bxc6 Rxc6 15. c4 a5 16. Bf4 a4 17. 0-0-0 a3 18. b3 Re8 19. h4 h5 20. Nh2 hxg4 21. Nxg4 Kh8 22. h5 Bh7 23. h6 g6 24. Nh2 Nd7 25. Be3 e5 26. Qg4 Rg8 27. Qf3 f6 28. Qg4 Rc8 29. Qe6 Rf8 30. Qg4 Rg8 31. Qh3 Qc7 32. Rdg1 Rcf8 33. f4 exf4 34. Bxf4 Ne5 35. Qf1 Qd7 36. Qe2 Bd8 37. Nhf1 Nc6 38. Be3 Re8 39. Qd2 Ne5 40. Nh2 Nc6 41. Nf3 Qf7 42. d4 Bc7 43. d5 Nb8 44. Rf1 Qd7 45. Kc2 Bd8 46. Qc1 Rgf8 47. Qa1 Qg4 48. Rhg1 Rxe4 49. Nxe4 Qxe4+ 50. Kd2 Re8 51. Bg5 Qe2+ 52. Kc1 Qb2+ 53. Qxb2 axb2+ 54. Kxb2 fxg5 55. Nxg5 Bxg5 56. Rxg5 Kg8 57. Rf6 Nd7 58. Rxd6 Ne5 59. Re6 Rxe6 60. dxe6 Nd3+ 61. Kc2 Nf4 62. Re5 Kf8 63. e7+ Ke8 64. Kd2 g5 65. Rxg5 Ne6 1/2-1/2

[Event "Lagos Friends of Chess"]
[Site "Lagos"]
[Date "2015.08.07"]
[Round "3"]
[White "Onabogun, Kolade"]
[Black "Balogun, Oluwafemi Daniel"]
[Result "0-1"]
[WhiteElo "2184"]
[BlackElo "2234"]
[PlyCount "66"]
[EventDate "2015.08.06"]
[EventType "swiss"]
[EventRounds "7"]
[EventCountry "NGR"]
[SourceTitle "EXT 2018"]
[Source "ChessBase"]
[SourceDate "2017.10.13"]
[SourceVersion "1"]
[SourceVersionDate "2017.10.13"]
[SourceQuality "1"]

1. e4 d6 2. d4 Nf6 3. Nc3 g6 4. f4 Bg7 5. Bd3 0-0 6. Nf3 Nc6 7. e5 dxe5 8. fxe5 Nh5 9. Be3 Bg4 10. Be2 f6 11. e6 f5 12. d5 f4 13. Bc5 b6 14. Bf2 Nb4 15. Bc4 Bxf3 16. gxf3 Rf5 17. Qd2 Bxc3 18. bxc3 Re5+ 19. Kf1 Nxd5 20. Rd1 c6 21. Bd4 Rxe6 22. Bb3 b5 23. c4 bxc4 24. Bxc4 Qc8 25. Kf2 Kf8 26. Bb3 Ne3 27. Rde1 Rd6 28. Qc3 Qh3 29. Bxe3 fxe3+ 30. Qxe3 Qh4+ 31. Kg1 Nf4 32. Qc3 Rd4 33. Kf1 Rad8 0-1

[Event "Lagos Friends of Chess"]
[Site "Lagos"]
[Date "2015.08.06"]
[Round "1"]
[White "Onabogun, Kolade"]
[Black "Coker, Omolabake"]
[Result "1-0"]
[WhiteElo "2184"]
[BlackElo "1627"]
[PlyCount "43"]
[EventDate "2015.08.06"]
[EventType "swiss"]
[EventRounds "7"]
[EventCountry "NGR"]
[SourceTitle "EXT 2018"]
[Source "ChessBase"]
[SourceDate "2017.10.13"]
[SourceVersion "1"]
[SourceVersionDate "2017.10.13"]
[SourceQuality "1"]

1. e4 e5 2. Nf3 Nf6 3. d4 Nxe4 4. Bd3 d5 5. dxe5 Bg4 6. Bxe4 dxe4 7. Qxd8+ Kxd8 8. Ng5 Bh5 9. Nc3 Bb4 10. Ngxe4 Bg6 11. Bg5+ Kc8 12. 0-0-0 Nc6 13. f4 Be7 14. Rd2 Bxg5 15. Nxg5 Rd8 16. Rhd1 h6 17. Nge4 Rxd2 18. Rxd2 b6 19. g4 Bxe4 20. Nxe4 Kb7 21. Rd7 Rf8 22. Nd6+ 1-0

[Event "Lagos State op 1st"]
[Site "Lagos"]
[Date "2013.10.11"]
[Round "7"]
[White "Sarwat, Walaa"]
[Black "Onabogun, Kolade"]
[Result "1-0"]
[WhiteElo "2314"]
[BlackElo "2124"]
[PlyCount "46"]
[EventDate "2013.10.08"]
[EventType "swiss"]
[EventRounds "7"]
[EventCountry "NGR"]
[SourceTitle "EXT 2015"]
[Source "ChessBase"]
[SourceDate "2014.11.20"]
[SourceVersion "1"]
[SourceVersionDate "2014.11.20"]
[SourceQuality "1"]
[WhiteTeam "Egypt"]
[WhiteTeamCountry "EGY"]

1. e4 c5 2. Nf3 Nc6 3. Nc3 g6 4. d4 cxd4 5. Nxd4 Bg7 6. Be3 d6 7. Qd2 Nf6 8. f3 0-0 9. Bc4 Bd7 10. 0-0-0 Rb8 11. Nxc6 bxc6 12. Bxa7 Rb7 13. Be3 Qa5 14. Bb3 c5 15. e5 c4 16. exf6 cxb3 17. fxg7 bxc2 18. Rde1 Rxb2 19. Kxb2 Rb8+ 20. Kxc2 Bf5+ 21. Kd1 Qxa2 22. Nd5 Rb1+ 23. Ke2 Qa6+ 1-0

[Event "Lagos State op 1st"]
[Site "Lagos"]
[Date "2013.10.10"]
[Round "5"]
[White "Hesham, Abdelrahman"]
[Black "Onabogun, Kolade"]
[Result "1-0"]
[WhiteElo "2362"]
[BlackElo "2124"]
[PlyCount "33"]
[EventDate "2013.10.08"]
[EventType "swiss"]
[EventRounds "7"]
[EventCountry "NGR"]
[SourceTitle "EXT 2015"]
[Source "ChessBase"]
[SourceDate "2014.11.20"]
[SourceVersion "1"]
[SourceVersionDate "2014.11.20"]
[SourceQuality "1"]

1. d4 Nf6 2. c4 g6 3. Nc3 Bg7 4. e4 d6 5. f3 0-0 6. Be3 e5 7. d5 c6 8. Bd3 cxd5 9. cxd5 Nh5 10. Nge2 f5 11. exf5 Bxf5 12. 0-0 Nd7 13. Rc1 Nc5 14. Bb1 a5 15. f4 e4 16. Nd4 Nf6 17. h3 1-0

[Event "Lagos Friends of Chess op 1st"]
[Site "Lagos"]
[Date "2013.09.08"]
[Round "6"]
[White "Onabogun, Kolade"]
[Black "Campbell, Charles"]
[Result "1-0"]
[WhiteElo "2124"]
[BlackElo "1998"]
[PlyCount "71"]
[EventDate "2013.09.06"]
[EventType "swiss"]
[EventRounds "6"]
[EventCountry "NGR"]
[SourceTitle "EXT 2015"]
[Source "ChessBase"]
[SourceDate "2014.11.20"]
[SourceVersion "1"]
[SourceVersionDate "2014.11.20"]
[SourceQuality "1"]

1. e4 c6 2. d4 d5 3. Nc3 dxe4 4. Nxe4 Bf5 5. Ng3 Bg6 6. Nf3 Nd7 7. h4 h6 8. h5 Bh7 9. Bd3 Bxd3 10. Qxd3 Qc7 11. Bd2 e6 12. Ne4 Ngf6 13. 0-0-0 0-0-0 14. g3 Nc5 15. Nxc5 Bxc5 16. Qc4 Bd6 17. Qe2 Rhe8 18. Kb1 Rd7 19. Ne5 Bxe5 20. dxe5 Nd5 21. Rde1 Ne7 22. Bc1 Red8 23. g4 c5 24. f4 Rd5 25. Qe4 Rg8 26. Qh7 Qd8 27. Rhg1 Qf8 28. Qe4 Rd4 29. Qf3 Nc6 30. Be3 Rd5 31. Rd1 Nd4 32. Qg2 Rd7 33. c3 Nc6 34. Rxd7 Kxd7 35. Rd1+ Kc7 36. Rd6 1-0

[Event "Lagos Friends of Chess op 1st"]
[Site "Lagos"]
[Date "2013.09.07"]
[Round "3"]
[White "Ajibowo, Olamide Patrick"]
[Black "Onabogun, Kolade"]
[Result "1/2-1/2"]
[WhiteElo "2188"]
[BlackElo "2124"]
[PlyCount "73"]
[EventDate "2013.09.06"]
[EventType "swiss"]
[EventRounds "6"]
[EventCountry "NGR"]
[SourceTitle "EXT 2015"]
[Source "ChessBase"]
[SourceDate "2014.11.20"]
[SourceVersion "1"]
[SourceVersionDate "2014.11.20"]
[SourceQuality "1"]

1. e4 c5 2. Nf3 Nc6 3. d4 cxd4 4. Nxd4 Nf6 5. Nc3 e5 6. Ndb5 d6 7. Bg5 a6 8. Na3 b5 9. Nd5 Be7 10. Bxf6 Bxf6 11. c3 Bg5 12. Bd3 Rb8 13. Nc2 0-0 14. h4 Bh6 15. g4 Bf4 16. g5 Be6 17. Nce3 Ne7 18. Nxf4 exf4 19. Nc2 Nc6 20. Qd2 Ne5 21. Be2 f3 22. Bf1 d5 23. exd5 Bxd5 24. Nb4 Bb7 25. 0-0-0 Qxd2+ 26. Rxd2 Rbd8 27. Nd3 Nc4 28. Rd1 Rfe8 29. b3 Nb6 30. Rg1 Rc8 31. Kb2 g6 32. h5 Rcd8 33. Rc1 Be4 34. Re1 Kf8 35. hxg6 Bxg6 36. Rxe8+ Rxe8 37. Rg3 1/2-1/2

[Event "Gibraltar Masters 11th"]
[Site "Caleta"]
[Date "2013.01.28"]
[Round "7"]
[White "Onabogun, Kolade"]
[Black "Valhondo Morales, Ruben"]
[Result "0-1"]
[WhiteElo "1978"]
[BlackElo "2136"]
[PlyCount "72"]
[EventDate "2013.01.22"]
[EventType "swiss"]
[EventRounds "10"]
[EventCountry "GGB"]
[SourceTitle "CBM 153"]
[Source "ChessBase"]
[SourceDate "2013.03.14"]
[SourceVersion "1"]
[SourceVersionDate "2013.03.14"]
[SourceQuality "1"]

1. e4 e5 2. Nf3 Nc6 3. Bb5 a6 4. Ba4 Nf6 5. d3 d6 6. c3 g6 7. 0-0 Bg7 8. Bg5 h6 9. Bh4 0-0 10. Nbd2 Ne7 11. d4 Nh5 12. dxe5 dxe5 13. Bg3 Nxg3 14. hxg3 b5 15. Bb3 Bb7 16. Qe2 c5 17. Rfd1 Qc7 18. Nf1 Kh8 19. g4 Ng8 20. g5 c4 21. Bc2 hxg5 22. Nxg5 Bh6 23. Nf3 Nf6 24. N3h2 Kg7 25. Qf3 Rh8 26. Ng4 Nxg4 27. Qxg4 Bc8 28. Qf3 Be6 29. Nh2 Bg5 30. Nf1 Rh4 31. Ne3 Rah8 32. g3 Rh2 33. Ng4 Rh1+ 34. Kg2 Qc8 35. Rd8 Bxg4 36. Rxc8 R8h2# 0-1

[Event "Gibraltar Challengers-A 11th"]
[Site "Caleta"]
[Date "2013.01.25"]
[Round "5"]
[White "Jaunooby, Ali Reza"]
[Black "Onabogun, Kolade"]
[Result "0-1"]
[WhiteElo "2178"]
[BlackElo "1978"]
[PlyCount "80"]
[EventDate "2013.01.21"]
[EventType "swiss"]
[EventRounds "5"]
[EventCountry "GGB"]
[SourceTitle "EXT 2014"]
[Source "ChessBase"]
[SourceDate "2013.11.20"]
[SourceVersion "1"]
[SourceVersionDate "2013.11.20"]
[SourceQuality "1"]

1. d4 Nf6 2. c4 g6 3. g3 c5 4. d5 d6 5. Nc3 Bg7 6. Bg2 0-0 7. h3 e6 8. dxe6 fxe6 9. Bf4 Ne8 10. Qd2 Nc6 11. Ne4 Rf7 12. Nxc5 dxc5 13. Qc2 Qb6 14. Rb1 Nd4 15. Qc1 Bd7 16. e3 Bc6 17. f3 e5 18. exd4 exf4 19. d5 Bd7 20. g4 Qb4+ 21. Kf1 b5 22. b3 Bd4 23. Ne2 Be3 24. Qb2 bxc4 25. bxc4 Rb8 26. Qb3 Ba4 27. Qxb4 Rxb4 28. Nc3 Rxb1+ 29. Nxb1 Bc2 30. Na3 Bd3+ 31. Ke1 Bc1 32. Nb5 Bxc4 33. Nc3 Bb2 34. Ne4 Bxd5 35. Nxc5 Rc7 36. Nd3 Bc1 37. Nb4 Bc4 38. Bf1 Be3 39. Rh2 Bxf1 40. Kxf1 Rc1+ 0-1

[Event "Gibraltar Masters 11th"]
[Site "Caleta"]
[Date "2013.01.23"]
[Round "2"]
[White "Montero Melendez, Rafael"]
[Black "Onabogun, Kolade"]
[Result "1-0"]
[WhiteElo "2316"]
[BlackElo "1978"]
[PlyCount "83"]
[EventDate "2013.01.22"]
[EventType "swiss"]
[EventRounds "10"]
[EventCountry "GGB"]
[SourceTitle "CBM 153"]
[Source "ChessBase"]
[SourceDate "2013.03.14"]
[SourceVersion "1"]
[SourceVersionDate "2013.03.14"]
[SourceQuality "1"]

1. g3 f5 2. d4 Nf6 3. Bg2 e6 4. Nf3 Be7 5. c4 0-0 6. 0-0 Ne4 7. Nbd2 d5 8. b3 Nd7 9. Bb2 c6 10. Rc1 Bd6 11. Ne1 Nxd2 12. Qxd2 a5 13. Nd3 Qe7 14. Bc3 b6 15. cxd5 exd5 16. b4 axb4 17. Bxb4 Bb7 18. Bxd6 Qxd6 19. Qb4 Rf6 20. Rc2 Ra5 21. Rfc1 g6 22. Qd2 Ra4 23. Nf4 Kg7 24. Qe3 c5 25. dxc5 bxc5 26. Qb3 Rb4 27. Qa3 Rf8 28. Rxc5 Rb5 29. R5c3 Qxa3 30. Rxa3 Rf6 31. h4 Rfb6 32. Rc7 Rd6 33. Ra7 Bc6 34. Bxd5 Rb1+ 35. Kh2 Kf6 36. Rxc6 Rxc6 37. Bxc6 Ne5 38. Bf3 h6 39. Ra6+ Kf7 40. Nd3 Nd7 41. Kg2 Nb6 42. a4 1-0

[Event "Africa-ch"]
[Site "Windhoek"]
[Date "2007.09.07"]
[Round "7"]
[White "Sarwat, Walaa"]
[Black "Onabogun, Kolade"]
[Result "1-0"]
[WhiteElo "2388"]
[BlackElo "1890"]
[PlyCount "71"]
[EventDate "2007.09.01"]
[EventType "swiss"]
[EventRounds "9"]
[EventCountry "NAM"]
[SourceTitle "CBM 120 Extra"]
[Source "ChessBase"]
[SourceDate "2007.11.01"]
[SourceVersion "1"]
[SourceVersionDate "2007.11.01"]
[SourceQuality "1"]

1. e4 c5 2. Nf3 Nc6 3. Bb5 d6 4. d4 cxd4 5. Qxd4 Bd7 6. Bxc6 Bxc6 7. Nc3 Nf6 8. Bg5 e6 9. 0-0 Be7 10. Rfe1 0-0 11. Rad1 Qc7 12. Qd3 Rfd8 13. Nd4 a6 14. a4 Rac8 15. h3 Be8 16. Qe3 Rb8 17. f4 b5 18. axb5 axb5 19. e5 dxe5 20. fxe5 Nd5 21. Nxd5 Rxd5 22. Bxe7 Qxe7 23. Nf5 exf5 24. Rxd5 Bc6 25. Qc5 Qh4 26. Rdd1 Be4 27. Re2 h5 28. Qc7 Ra8 29. Red2 Qg3 30. Qc5 Re8 31. Qxb5 Re6 32. Rf2 Rg6 33. Qe8+ Kh7 34. Rd8 Kh6 35. Qxf7 Qe3 36. Rh8+ 1-0

[Event "Africa-ch"]
[Site "Windhoek"]
[Date "2007.09.03"]
[Round "3"]
[White "Simutowe, Amon"]
[Black "Onabogun, Kolade"]
[Result "1-0"]
[WhiteElo "2421"]
[BlackElo "1890"]
[PlyCount "81"]
[EventDate "2007.09.01"]
[EventType "swiss"]
[EventRounds "9"]
[EventCountry "NAM"]
[SourceTitle "CBM 120 Extra"]
[Source "ChessBase"]
[SourceDate "2007.11.01"]
[SourceVersion "1"]
[SourceVersionDate "2007.11.01"]
[SourceQuality "1"]

1. c4 f5 2. Nf3 Nf6 3. b3 e6 4. Bb2 Be7 5. g3 0-0 6. Bg2 d6 7. d4 Qe8 8. Nc3 Qh5 9. e3 Nbd7 10. Ne2 Ne4 11. Nf4 Qh6 12. d5 Ndc5 13. dxe6 Nxe6 14. 0-0 c6 15. Nxe6 Bxe6 16. Nd4 Rad8 17. Qc2 d5 18. Rfd1 Qg6 19. cxd5 Bxd5 20. Ne2 Bg5 21. Rd3 h5 22. h4 Bh6 23. Rad1 Rde8 24. Nf4 Bxf4 25. exf4 Rf7 26. Be5 Kh7 27. Qb2 Rfe7 28. Kh2 Re6 29. Rc1 R8e7 30. Qc2 Re8 31. Rcd1 R6e7 32. Bh3 Rf7 33. Rg1 Nf6 34. f3 Nd7 35. Re3 Ree7 36. Rge1 a6 37. Bf1 Kg8 38. Bd3 Rf8 39. Bb2 Rxe3 40. Rxe3 Be6 41. Rxe6 1-0

[Event "Africa-ch"]
[Site "Windhoek"]
[Date "2007.09.02"]
[Round "2"]
[White "Onabogun, Kolade"]
[Black "Hassan, Sayed Barakat"]
[Result "1-0"]
[WhiteElo "1890"]
[BlackElo "2375"]
[PlyCount "107"]
[EventDate "2007.09.01"]
[EventType "swiss"]
[EventRounds "9"]
[EventCountry "NAM"]
[SourceTitle "CBM 120 Extra"]
[Source "ChessBase"]
[SourceDate "2007.11.01"]
[SourceVersion "1"]
[SourceVersionDate "2007.11.01"]
[SourceQuality "1"]

1. e4 d5 2. exd5 Nf6 3. Bb5+ Bd7 4. Be2 Nxd5 5. d4 Bf5 6. Nf3 e6 7. 0-0 Be7 8. a3 0-0 9. c4 Nb6 10. Nc3 Nc6 11. h3 Bf6 12. Be3 Bg6 13. b4 e5 14. d5 e4 15. Nd4 Nxd4 16. Bxd4 c6 17. Rc1 cxd5 18. c5 Nd7 19. Nxd5 Bg5 20. Rc4 Re8 21. Qa1 Nf8 22. Ne3 Ne6 23. Bc3 Bxe3 24. fxe3 Qg5 25. Qc1 f5 26. Bb2 Qg3 27. Rc2 Ng5 28. Bc4+ Kh8 29. Kh1 Rad8 30. Qa1 Ne6 31. Bxe6 Rxe6 32. Bxg7+ Kg8 33. Bh6 Qe5 34. Qxe5 Rxe5 35. Bf4 Red5 36. b5 Rc8 37. Rfc1 Be8 38. a4 Kf7 39. c6 bxc6 40. bxc6 Ke6 41. Rc4 Ra5 42. Rd4 Rd5 43. Rxd5 Kxd5 44. c7 Bxa4 45. Ra1 Bd7 46. Rxa7 Rg8 47. Ra6 Bc6 48. Rb6 Rc8 49. Kh2 Kc5 50. Rb8 Bd7 51. Kg3 Kc4 52. Kh4 Kd3 53. Kg5 Ke2 54. Kf6 1-0